History Quiz

Random History Quiz

Section 1 of 18th Amendment Quiz Stats

Quiz not verified by Sporcle

Challenge
Share
Tweet
Embed
Score 0/43 Timer 05:00
0 Plays Today
% Correct
the
100%
the
100%
of
100%
of
100%
the
100%
the
100%
the
100%
is
100%
this
75%
importation
75%
into
75%
or
75%
United
75%
States
75%
all
75%
to
75%
After
50%
one
50%
year
50%
from
50%
ratification
50%
article
50%
% Correct
manufacture
50%
sale
50%
and
50%
transportation
50%
intoxicating
50%
liquors
50%
within
50%
thereof
50%
thereof
50%
from
50%
and
50%
territory
50%
subject
50%
for
50%
beverages
50%
prohibited
50%
exploration
25%
juristdiction
25%
therof
25%
purposes
25%
bereby
25%

You're not logged in!

Compare scores with friends on all Sporcle quizzes.
Join for Free
OR
Log In

You Might Also Like...

Show Comments

Extras

Top Quizzes Today


Score Distribution

Your Account Isn't Verified!

In order to create a playlist on Sporcle, you need to verify the email address you used during registration. Go to your Sporcle Settings to finish the process.

Report this User

Report this user for behavior that violates our Community Guidelines.

Details: